[Event "ICS rated bullet match"]
[Site "204.178.125.65"]
[Date "1999.12.03"]
[Round "?"]
[White "WhiteHorse"]
[Black "Hossa"]
[Result "1-0"]
[WhiteElo "2326"]
[BlackElo "2646"]
[PlyCount "63"]
[EventDate "1999.??.??"]

1. e3 c5 2. Nf3 d5 3. b3 Bg4 4. Bb2 Nc6 5. Be2 Nf6 6. d4 cxd4 7. exd4 e6 8. O-O
Bd6 9. Ne5 Bxe2 10. Qxe2 O-O 11. Nd2 Bxe5 12. dxe5 Nd7 13. f4 Rc8 14. c3 Qa5
15. Kh1 Rc7 16. g4 Rfc8 17. Nf3 b5 18. f5 exf5 19. gxf5 Re8 20. Rae1 Qxa2 21.
Qg2 Qxb3 22. f6 g6 23. Qg5 Ncxe5 24. Nxe5 Nxf6 25. Qxf6 Rf8 26. Bc1 d4 27. Bh6
Qd5+ 28. Kg1 Qxe5 29. Qxe5 f5 30. Qxc7 Rf7 31. Re8+ Rf8 32. Qg7# {
Hossa checkmated} 1-0

[Event "ICS rated blitz match"]
[Site "204.178.125.65"]
[Date "1999.12.03"]
[Round "?"]
[White "Zippy"]
[Black "Hossa"]
[Result "0-1"]
[WhiteElo "2351"]
[BlackElo "2475"]
[PlyCount "176"]
[EventDate "1999.??.??"]

1. e4 e5 2. Nf3 Nc6 3. Bb5 a6 4. Bxc6 dxc6 5. O-O f6 6. d4 exd4 7. Nxd4 c5 8.
Ne2 Qxd1 9. Rxd1 Bd7 10. Nbc3 O-O-O 11. a4 h5 12. f3 g5 13. f4 gxf4 14. Bxf4
Ne7 15. b3 Rg8 16. Rd3 h4 17. Rf1 h3 18. g3 Rg6 19. Be3 Ng8 20. Nf4 Rg7 21.
Nfd5 f5 22. exf5 Re8 23. f6 Rf7 24. a5 Bd6 25. Rf3 Bg4 26. Rf2 Bd7 27. Rf1 Kb8
28. Rd2 Be6 29. Re2 Bg4 30. Ree1 Bd7 31. Bg5 Be5 32. Rxe5 Rxe5 33. Bf4 Rh5 34.
Bxc7+ Kc8 35. Bb6 Kb8 36. Bxc5 Bc6 37. Bd6+ Kc8 38. Ne7+ Nxe7 39. Bxe7 Rxa5 40.
Re1 Kc7 41. Rd1 Rf5 42. b4 Bf3 43. Rd4 Bg2 44. Rd1 Bf3 45. Rf1 b6 46. Ne2 Re5
47. Nf4 Bg4 48. c4 Kc6 49. Ra1 Kb7 50. c5 Re4 51. cxb6 Kxb6 52. Ra5 Re1+ 53.
Kf2 Rh1 54. Rg5 Bd1 55. Rg7 Rxh2+ 56. Kg1 Rd2 57. Nxh3 Rxg7 58. fxg7 Bb3 59.
Nf2 Kc6 60. Bf6 Kb5 61. Bc3 Re2 62. g4 Bg8 63. Kf1 Re7 64. g5 Kc4 65. Bf6 Re8
66. g6 Kxb4 67. Kg2 Re6 68. Ng4 a5 69. Kg3 a4 70. Kf4 a3 71. Kf5 Rxf6+ 72. Nxf6
Bb3 73. g8=Q Bxg8 74. Nxg8 a2 75. Nf6 a1=Q 76. Nd5+ Kc5 77. Nf6 Qa7 78. Ng4
Qd7+ 79. Kf6 Qxg4 80. Kf7 Kd6 81. g7 Qf5+ 82. Ke8 Qf6 83. g8=N Qg6+ 84. Kf8 Ke6
85. Nh6 Qxh6+ 86. Kg8 Qg5+ 87. Kf8 Qg4 88. Ke8 88... Qg8# {Zippy checkmated}
0-1

[Event "ICS unrated blitz match"]
[Site "204.178.125.65"]
[Date "1999.12.03"]
[Round "?"]
[White "Moron"]
[Black "Hossa"]
[Result "1-0"]
[WhiteElo "2744"]
[BlackElo "2486"]
[PlyCount "91"]
[EventDate "1999.??.??"]

1. e4 e5 2. Nf3 Nc6 3. Bb5 a6 4. Ba4 f6 5. d3 b5 6. Bb3 Bc5 7. c3 Nge7 8. d4
Bb6 9. dxe5 fxe5 10. Ng5 Rf8 11. O-O Ng6 12. Qh5 Rf6 13. Nxh7 Rd6 14. Bg5 Nce7
15. Qf3 Nf4 16. Bxf4 exf4 17. Qxf4 Rf6 18. Nxf6+ gxf6 19. Qxf6 d5 20. exd5 Qd6
21. Qxd6 cxd6 22. a4 Bb7 23. axb5 axb5 24. Rxa8+ Bxa8 25. Na3 Nxd5 26. Nxb5 Nf4
27. Ra1 Bxg2 28. Ra4 Bc6 29. Rxf4 Bxb5 30. Rb4 Bxf2+ 31. Kxf2 Bc6 32. Ba4 Bxa4
33. Rxa4 Kd7 34. Rd4 Ke6 35. c4 Ke5 36. Rd5+ Ke6 37. b4 Ke7 38. c5 dxc5 39.
bxc5 Ke6 40. Rd2 Kf7 41. c6 Ke6 42. c7 Kf7 43. c8=Q Ke7 44. Qf5 Ke8 45. Qh7 Kf8
46. Rd8# {Hossa checkmated} 1-0

[Event "ICS rated blitz match"]
[Site "204.178.125.65"]
[Date "1999.12.03"]
[Round "?"]
[White "Hossa"]
[Black "SeaHawk"]
[Result "1-0"]
[WhiteElo "2486"]
[BlackElo "2377"]
[PlyCount "59"]
[EventDate "1999.??.??"]

1. e3 g6 2. d4 Bg7 3. e4 b6 4. Nf3 Bb7 5. Bd3 d6 6. Bf4 Nd7 7. O-O e5 8. dxe5
dxe5 9. Be3 Ne7 10. Qd2 O-O 11. Bh6 Nc6 12. Nc3 Nc5 13. Bxg7 Kxg7 14. Rad1 Nb4
15. Nxe5 Qe7 16. Nc4 Rad8 17. Qe3 Nbxd3 18. cxd3 Ba6 19. Nd5 Rxd5 20. exd5 Qxe3
21. Nxe3 Nxd3 22. Rd2 Re8 23. Rfd1 Nf4 24. Kh1 Re7 25. Rd4 Nh5 26. Ra4 Be2 27.
Re1 Bb5 28. Rxa7 Rd7 29. a4 Bd3 30. Rc1 {SeaHawk resigns} 1-0

[Event "ICS unrated blitz match"]
[Site "204.178.125.65"]
[Date "1999.12.03"]
[Round "?"]
[White "Hossa"]
[Black "Moron"]
[Result "0-1"]
[WhiteElo "2497"]
[BlackElo "2744"]
[PlyCount "118"]
[EventDate "1999.??.??"]

1. e3 g6 2. d4 Bg7 3. e4 d6 4. Nf3 c5 5. dxc5 dxc5 6. Qxd8+ Kxd8 7. Bc4 Ke8 8.
Nc3 Bxc3+ 9. bxc3 Nf6 10. Ng5 e6 11. e5 Nfd7 12. f4 Nb6 13. Be2 Nd5 14. Ne4 Nc6
15. O-O b6 16. Bb5 Kd7 17. c4 Nde7 18. Nd6 f5 19. Rd1 Kc7 20. Bb2 Bd7 21. Rab1
Rhd8 22. Nf7 Rg8 23. Rd2 Raf8 24. Rbd1 Bc8 25. Nd6 Rd8 26. Rd3 Nb4 27. Rh3 h5
28. Ra3 a6 29. Ba4 Bb7 30. Bc1 Nc8 31. c3 Nc6 32. Bxc6 Nxd6 33. exd6+ Kxc6 34.
Rb3 a5 35. Be3 Ba6 36. a4 Bxc4 37. Rb2 Rd7 38. Bf2 Rb8 39. Bh4 Rxd6 40. Rxd6+
Kxd6 41. Bf6 Kc6 42. Rd2 Rb7 43. Be5 Rd7 44. Rxd7 Kxd7 45. Kf2 Bb3 46. Kg3 Bxa4
47. Kh4 Bb3 48. Kg5 Bc4 49. Kxg6 a4 50. Kxh5 a3 51. g4 fxg4 52. Kxg4 a2 53. Kf3
a1=Q 54. h4 Qh1+ 55. Kg3 Be2 56. Kf2 Qf3+ 57. Ke1 Bd3 58. Kd2 Qe2+ 59. Kc1
59... Qc2# {Hossa checkmated} 0-1

[Event "ICS unrated blitz match"]
[Site "204.178.125.65"]
[Date "1999.12.03"]
[Round "?"]
[White "Moron"]
[Black "Hossa"]
[Result "1-0"]
[WhiteElo "2744"]
[BlackElo "2497"]
[PlyCount "143"]
[EventDate "1999.??.??"]

1. e4 e5 2. f4 exf4 3. Nf3 g5 4. h4 g4 5. Ng5 Nh6 6. d4 f6 7. Bxf4 Qe7 8. Nc3
d6 9. Nd5 Qg7 10. Ne6 Bxe6 11. Bxh6 Qf7 12. Bf4 Nc6 13. Ne3 Bd7 14. Bb5 Bg7 15.
O-O h5 16. Bc4 Qf8 17. Nf5 Bxf5 18. exf5 O-O-O 19. Be6+ Kb8 20. Qd2 Bh6 21.
Rae1 Bxf4 22. Qxf4 d5 23. c3 Rh7 24. Rf2 Re7 25. Rfe2 Ree8 26. Re3 Qg7 27. Qf2
Qf8 28. Qe2 Re7 29. Qb5 Qe8 30. Qa4 Qf8 31. b4 Rd6 32. Qb3 Qe8 33. Kf2 Qd8 34.
R1e2 Ka8 35. Kg1 Qe8 36. Kf1 Qd8 37. a3 Kb8 38. Kg1 Qe8 39. Qa2 Qd8 40. b5 Na5
41. Bxd5 Rxe3 42. Rxe3 c5 43. Bf7 Qd7 44. Bxh5 cxd4 45. cxd4 Rxd4 46. Qg8+ Kc7
47. Bxg4 Nc4 48. Rc3 Qxb5 49. Qf7+ Kc8 50. Qf8+ Kd7 51. Qg7+ Kc8 52. Qh8+ Kd7
53. Be2 Qb6 54. Qh7+ Kd6 55. Kh2 Nd2 56. Qh8 Kd5 57. Qg8+ Ke4 58. Qe8+ Kd5 59.
Qf7+ Ke5 60. Qe7+ Kf4 61. g3+ Kxf5 62. Rc5+ Kg6 63. Rh5 Nf3+ 64. Kg2 Nxh4+ 65.
Kh3 Rd7 66. Qxd7 f5 67. Qe8+ Kf6 68. Rh6+ Kg7 69. Qh8+ Kf7 70. Bc4+ Ke7 71.
Qg7+ Ke8 72. Rh8# {Hossa checkmated} 1-0

[Event "ICS unrated blitz match"]
[Site "204.178.125.65"]
[Date "1999.12.03"]
[Round "?"]
[White "Hossa"]
[Black "Moron"]
[Result "0-1"]
[WhiteElo "2497"]
[BlackElo "2744"]
[PlyCount "136"]
[EventDate "1999.??.??"]

1. e4 c5 2. Nf3 Nc6 3. d4 cxd4 4. Nxd4 Nf6 5. Nc3 d6 6. Bc4 Qb6 7. Nb3 e6 8.
Be3 Qc7 9. O-O a6 10. Nd4 Bd7 11. Qd2 Ne5 12. Bb3 Be7 13. Rad1 O-O 14. Bg5 Nc4
15. Bxc4 Qxc4 16. Nf3 Bc6 17. Qd4 Qxd4 18. Rxd4 h6 19. Bxf6 Bxf6 20. Rxd6 Bxc3
21. bxc3 Bxe4 22. Re1 Bd5 23. a3 Rac8 24. Re3 Rfd8 25. Rxd8+ Rxd8 26. Rd3 Rc8
27. Nd2 Kf8 28. h4 Ke7 29. g4 b5 30. Kh2 g5 31. Kg3 gxh4+ 32. Kxh4 Bb7 33. Kh5
Kf6 34. f3 Bd5 35. f4 a5 36. Rh3 a4 37. Rd3 Kg7 38. Kh4 Kg6 39. Nf3 Bxf3 40.
Rxf3 f5 41. Re3 Kf6 42. Rd3 Rg8 43. Rg3 fxg4 44. Rxg4 Rxg4+ 45. Kxg4 Kg6 46.
Kf3 Kf5 47. Kg3 Ke4 48. Kg4 Ke3 49. Kh5 Kxf4 50. Kh4 Ke3 51. Kg4 Kd2 52. Kf3
Kxc2 53. c4 bxc4 54. Ke4 Kb2 55. Ke5 Kxa3 56. Ke4 Kb3 57. Ke5 c3 58. Kf6 c2 59.
Ke7 c1=Q 60. Kd8 Qc6 61. Ke7 e5 62. Kf7 Qd6 63. Kg7 Qe6 64. Kf8 a3 65. Kg7 a2
66. Kh7 a1=R 67. Kh8 Qe7 68. Kg8 68... Ra8# {Hossa checkmated} 0-1

[Event "ICS unrated blitz match"]
[Site "204.178.125.65"]
[Date "1999.12.03"]
[Round "?"]
[White "Moron"]
[Black "Hossa"]
[Result "1-0"]
[WhiteElo "2744"]
[BlackElo "2497"]
[PlyCount "169"]
[EventDate "1999.??.??"]

1. e4 c5 2. Nf3 d6 3. d4 cxd4 4. Qxd4 Nc6 5. Bb5 Bd7 6. Bxc6 Bxc6 7. Nc3 Nf6 8.
Bg5 e6 9. O-O-O Be7 10. Rhe1 O-O 11. Qd2 Qc7 12. Nd4 Rfd8 13. f3 Rab8 14. g4
Qa5 15. Kb1 Qc5 16. Be3 Qc4 17. Nxc6 bxc6 18. Bxa7 Rb7 19. Bf2 Qb4 20. b3 Qa3
21. g5 Nd7 22. f4 Ra8 23. Qc1 Qb4 24. Qb2 e5 25. Be3 exf4 26. Rd4 Qb6 27. Ra4
Qd8 28. Rxa8 Qxa8 29. Bxf4 Ne5 30. h4 Nc4 31. Qa1 Na3+ 32. Kc1 Qa5 33. Re2 Rb4
34. Na4 Qa6 35. Re1 Rb8 36. Qb2 Nb5 37. c4 Nc7 38. Rd1 Qa7 39. Qh2 Rb7 40. Bxd6
Ne8 41. e5 Qe3+ 42. Kb2 Ra7 43. Nc3 Qf3 44. Qg1 Rd7 45. Bxe7 Rxe7 46. Rf1 Qd3
47. Qf2 Qd7 48. Qf4 Qe6 49. Re1 Rb7 50. h5 Nd6 51. Rd1 Ne8 52. h6 Re7 53. Re1
g6 54. Ne4 Qf5 55. Qxf5 gxf5 56. Ng3 f4 57. Nf5 Rd7 58. Kc2 Nc7 59. Rd1 Rxd1
60. Kxd1 c5 61. Nd6 Ne6 62. Ne4 Kf8 63. Ke2 Kg8 64. Kf3 Kh8 65. Kg4 Kg8 66. a3
f3 67. Kg3 Kf8 68. b4 Nd4 69. b5 Ke7 70. Nxc5 Ke8 71. a4 Ke7 72. a5 Ne6 73.
Nxe6 Kxe6 74. a6 Kxe5 75. Kxf3 Kd6 76. a7 Kc5 77. a8=Q Kxc4 78. Qe4+ Kxb5 79.
Qxh7 f6 80. Qf5+ Kc6 81. h7 fxg5 82. h8=Q g4+ 83. Kg3 Kb6 84. Qb8+ Kc6 85.
Qfb5# {Hossa checkmated} 1-0

[Event "ICS unrated blitz match"]
[Site "204.178.125.65"]
[Date "1999.12.03"]
[Round "?"]
[White "Hossa"]
[Black "Moron"]
[Result "0-1"]
[WhiteElo "2497"]
[BlackElo "2744"]
[PlyCount "122"]
[EventDate "1999.??.??"]

1. e4 d6 2. d4 Nf6 3. Nc3 g6 4. f4 Bg7 5. Nf3 O-O 6. Be2 c5 7. dxc5 Qa5 8. cxd6
Nxe4 9. dxe7 Re8 10. Bd2 Nxc3 11. Bxc3 Bxc3+ 12. bxc3 Qxc3+ 13. Kf2 Nc6 14. Re1
Qb4 15. Qd2 Qxe7 16. Kf1 Bf5 17. Bd3 Qc5 18. Rab1 b6 19. Bxf5 Qxf5 20. Rxe8+
Rxe8 21. Re1 Qb5+ 22. Qd3 Rxe1+ 23. Nxe1 Qa4 24. Qd6 Qc4+ 25. Kf2 h5 26. Qc7
Qc5+ 27. Kf1 Qb5+ 28. Kf2 Qd5 29. Nd3 Qd4+ 30. Ke2 Qe4+ 31. Kf2 Nd4 32. Qb8+
Kg7 33. Qe5+ Qxe5 34. Nxe5 Nxc2 35. Nc6 a5 36. Ke2 Kf6 37. Kd2 Na3 38. Kc3 Kf5
39. g3 Ke4 40. Kb3 Nb5 41. Ne5 Nd6 42. Nc4 a4+ 43. Kb4 Nxc4 44. Kxc4 Kf3 45.
Kd4 Kg2 46. h4 Kxg3 47. Ke3 b5 48. Kd3 Kxh4 49. f5 b4 50. a3 bxa3 51. fxg6 fxg6
52. Kc3 Kg4 53. Kd4 a2 54. Kc4 a1=R 55. Kd4 a3 56. Ke5 a2 57. Ke6 Rd1 58. Ke7
a1=Q 59. Kf8 Qf6+ 60. Kg8 Rd8+ 61. Kh7 61... Rh8# {Hossa checkmated} 0-1

[Event "ICS unrated blitz match"]
[Site "204.178.125.65"]
[Date "1999.12.03"]
[Round "?"]
[White "Moron"]
[Black "Hossa"]
[Result "1-0"]
[WhiteElo "2744"]
[BlackElo "2497"]
[PlyCount "127"]
[EventDate "1999.??.??"]

1. e4 d6 2. d4 Nf6 3. Nc3 g6 4. f4 Bg7 5. Nf3 O-O 6. Bd3 c6 7. O-O Bg4 8. h3
Bd7 9. Be3 d5 10. e5 Ne8 11. Nh4 e6 12. Nf3 Na6 13. Bxa6 bxa6 14. Na4 Rb8 15.
Nc5 Nc7 16. b3 Bc8 17. Bd2 Nb5 18. a4 Nc7 19. Ba5 Bh6 20. Nh2 Bg7 21. Qe2 Kh8
22. Ng4 Qe7 23. Rfe1 h6 24. Bxc7 Qxc7 25. a5 Rb5 26. Qd2 Qe7 27. Nf2 Qh4 28.
Nfd3 f6 29. exf6 Bxf6 30. Ra4 Re8 31. Qf2 Qxf2+ 32. Kxf2 Kg7 33. Ne5 Rf8 34.
Kf3 Bxe5 35. Rxe5 g5 36. g3 Rf6 37. Ra1 Kg6 38. c3 Rf5 39. b4 gxf4 40. Rxf5
exf5 41. gxf4 Bb7 42. Rg1+ Kf7 43. Nd7 Bc8 44. Ne5+ Kf8 45. Rg6 h5 46. Rxc6 Rb8
47. Rc7 Ra8 48. Ng6+ Ke8 49. Rh7 Rb8 50. Ne5 Kf8 51. h4 Ra8 52. Nd7+ Bxd7 53.
Rh8+ Kg7 54. Rxa8 Bb5 55. Rxa7+ Kg8 56. Rb7 Be8 57. b5 Kf8 58. b6 Bf7 59. Ra7
Kg7 60. b7 Kg6 61. b8=Q Kf6 62. Qf8 Kg6 63. Qxf7+ Kh6 64. Rxa6# {
Hossa checkmated} 1-0

[Event "ICS unrated blitz match"]
[Site "204.178.125.65"]
[Date "1999.12.03"]
[Round "?"]
[White "Hossa"]
[Black "Moron"]
[Result "0-1"]
[WhiteElo "2497"]
[BlackElo "2744"]
[PlyCount "150"]
[EventDate "1999.??.??"]

1. e4 c5 2. Nf3 e6 3. d4 cxd4 4. Nxd4 Nf6 5. Nc3 a6 6. e5 Ng8 7. Bd3 d5 8. exd6
Bxd6 9. Ne4 Be7 10. O-O Nf6 11. Re1 Nxe4 12. Rxe4 O-O 13. Be3 Nd7 14. Nf3 Nf6
15. Rh4 Qc7 16. Qe2 Rd8 17. Bd4 h6 18. Be5 Qb6 19. Rd1 Bd7 20. Rd4 Bc6 21.
Rxd8+ Rxd8 22. Nd4 Ba4 23. b3 Be8 24. c3 Nd5 25. Nf3 Bc6 26. Qc2 Qa5 27. Nd4
Bd7 28. Bh7+ Kh8 29. Ne2 f5 30. Bg6 Ne3 31. fxe3 Qxe5 32. Rd3 Bc5 33. Qd1 Qc7
34. Kh1 Be7 35. Nd4 Qc8 36. Qh5 Bf6 37. Kg1 Bc6 38. Rd2 Be4 39. c4 b5 40. Qe2
bxc4 41. bxc4 e5 42. Nb3 Qc6 43. Bf7 Qb6 44. c5 Rxd2 45. Qxd2 Qc6 46. Bc4 Be7
47. Qb4 Qa8 48. g3 Bg5 49. Kf2 Bh1 50. Nd2 a5 51. Qc3 f4 52. exf4 exf4 53. gxf4
Bxf4 54. Nf1 Qg2+ 55. Ke1 Qe4+ 56. Be2 Qb1+ 57. Kf2 Qxa2 58. Qd4 Bg5 59. Qd7
Qg8 60. Ng3 Bd5 61. Bf3 Bxf3 62. Kxf3 Qb3+ 63. Kg4 Qc4+ 64. Kh5 Qxc5 65. Nf5
Qe5 66. Kg4 Qe2+ 67. Kg3 Bf6 68. Qc8+ Kh7 69. Kh3 Qf1+ 70. Kg3 Be5+ 71. Kh4 g5+
72. Kg4 Qe2+ 73. Kh3 g4+ 74. Kh4 Bf6+ 75. Kh5 75... g3# {Hossa checkmated} 0-1

[Event "ICS unrated blitz match"]
[Site "204.178.125.65"]
[Date "1999.12.03"]
[Round "?"]
[White "Moron"]
[Black "Hossa"]
[Result "1/2-1/2"]
[WhiteElo "2744"]
[BlackElo "2497"]
[PlyCount "144"]
[EventDate "1999.??.??"]

1. e4 c5 2. Nf3 d6 3. d4 cxd4 4. Qxd4 Nc6 5. Bb5 Bd7 6. Bxc6 bxc6 7. c4 e5 8.
Qd3 Nf6 9. Nc3 Ng4 10. h3 Nf6 11. Be3 Qc7 12. Rd1 Rb8 13. b3 Be7 14. Bg5 Qa5
15. O-O Rd8 16. Na4 Be6 17. Qc2 O-O 18. c5 Qc7 19. cxd6 Rxd6 20. Bxf6 Bxf6 21.
Nc5 Be7 22. Rc1 Bf6 23. Nxe6 Rxe6 24. Rfd1 Rd8 25. Rd5 Red6 26. Rc5 Qc8 27. b4
Qa6 28. Ra5 Qb6 29. Qa4 R8d7 30. a3 Qd8 31. Ra6 Rd1+ 32. Rxd1 Rxd1+ 33. Kh2 Kf8
34. Rxa7 Qb6 35. Ra6 Qb5 36. Ra8+ Rd8 37. Rxd8+ Bxd8 38. Qxb5 cxb5 39. Nxe5 Bc7
40. f4 g5 41. Nd3 Bxf4+ 42. Nxf4 gxf4 43. g3 fxg3+ 44. Kxg3 Ke7 45. e5 Ke6 46.
Kf4 f6 47. exf6 Kxf6 48. Ke4 Ke6 49. Kd4 Kd6 50. Kc3 Kc7 51. Kb3 Kb6 52. a4
bxa4+ 53. Kxa4 h5 54. h4 Ka6 55. Kb3 Kb5 56. Kc3 Kc6 57. Kd4 Kb5 58. Ke5 Kxb4
59. Kf5 Kc5 60. Kg5 Kd6 61. Kxh5 Ke7 62. Kg6 Kf8 63. h5 Kg8 64. Kg5 Kh7 65. h6
Kh8 66. Kg6 Kg8 67. Kf5 Kh7 68. Kg5 Kh8 69. Kh4 Kh7 70. Kh5 Kh8 71. Kg4 Kh7 72.
Kf5 72... Kxh6 {Game drawn because neither player has mating material} 1/2-1/2

[Event "ICS rated blitz match"]
[Site "204.178.125.65"]
[Date "1999.12.03"]
[Round "?"]
[White "Hossa"]
[Black "AlBundy"]
[Result "1-0"]
[WhiteElo "2497"]
[BlackElo "2448"]
[PlyCount "99"]
[EventDate "1999.??.??"]

1. e4 e6 2. d4 d6 3. Bd3 Nd7 4. Ne2 Ne7 5. O-O c6 6. Be3 Ng6 7. c4 Be7 8. f4
Ngf8 9. Nd2 h6 10. Qc2 b6 11. Qa4 Bb7 12. Nf3 a6 13. Rac1 Qc7 14. Rfd1 Nh7 15.
Re1 Nhf8 16. Rcd1 Rc8 17. Qc2 Ra8 18. Ng3 Rc8 19. Qc3 Rg8 20. Qd2 Ra8 21. a3
Rc8 22. Ne2 Ra8 23. a4 Rc8 24. b3 Ra8 25. Qc3 Rc8 26. Qc2 Ra8 27. Qb2 Rc8 28.
Nc3 Ra8 29. Re2 Rc8 30. b4 Ra8 31. f5 Rc8 32. fxe6 fxe6 33. Rf2 Ra8 34. a5 b5
35. cxb5 cxb5 36. Rc1 Qb8 37. Rcf1 Nh7 38. Qb3 Nhf8 39. Nd2 Kd8 40. Rf7 Bf6 41.
Be2 Ke8 42. Bh5 Kd8 43. Bg4 Ke8 44. Bxe6 d5 45. Nxd5 Nxe6 46. Nxf6+ Kd8 47.
Rxd7+ Kc8 48. Qxe6 Qc7 49. Qxg8+ Qd8 50. Qxd8# {AlBundy checkmated} 1-0

[Event "ICS rated blitz match"]
[Site "204.178.125.65"]
[Date "1999.12.03"]
[Round "?"]
[White "Hossa"]
[Black "PostModernist"]
[Result "1-0"]
[WhiteElo "2511"]
[BlackElo "2594"]
[PlyCount "199"]
[EventDate "1999.??.??"]

1. e4 c5 2. Nf3 d6 3. d4 Nf6 4. Nc3 cxd4 5. Nxd4 e6 6. Bc4 a6 7. O-O Nc6 8.
Nxc6 bxc6 9. e5 dxe5 10. Qxd8+ Kxd8 11. Re1 Nd5 12. Rxe5 Nxc3 13. bxc3 Bd6 14.
Rg5 g6 15. Rb1 f5 16. g4 e5 17. gxf5 Bxf5 18. Rb7 Bxc2 19. Be6 h6 20. Rg4 Bc7
21. Rc4 Rh7 22. Rb2 Bf5 23. Rxc6 Be4 24. Rd2+ Ke8 25. Bd5 Bxd5 26. Rxd5 g5 27.
Ba3 Rd8 28. Rxd8+ Kxd8 29. Rxa6 g4 30. c4 h5 31. Bd6 Kc8 32. Bxc7 Rxc7 33. Ra4
Kb7 34. Kf1 Kb6 35. Ke2 Rf7 36. Ke1 Kc5 37. Ra5+ Kd4 38. Rd5+ Ke4 39. Rb5 Rc7
40. c5 Kd4 41. Kd2 Ra7 42. Rb2 Kxc5 43. Rc2+ Kd4 44. Ke1 e4 45. Rb2 Ra3 46. Kf1
Kc3 47. Re2 Ra4 48. Kg2 Kd3 49. Rb2 Ra8 50. Kg3 Rf8 51. a4 Rf3+ 52. Kg2 Kc4 53.
Re2 Kd4 54. Ra2 h4 55. a5 Rb3 56. Ra1 h3+ 57. Kh1 Rb7 58. a6 Ra7 59. Ra5 Kc4
60. Ra4+ Kd5 61. Kg1 Kd6 62. Kf1 Kc5 63. Ke2 Ra8 64. Ke3 Kb5 65. Rxe4 Rxa6 66.
Rxg4 Kc5 67. Kf4 Ra3 68. f3 Ra8 69. Rg3 Rh8 70. Kg4 Kd4 71. Rxh3 Rg8+ 72. Kf4
Kd3 73. Rh5 Ke2 74. Re5+ Kf2 75. h4 Rb8 76. h5 Rb4+ 77. Kf5 Kxf3 78. h6 Rb7 79.
Re6 Rd7 80. Kg6 Kf4 81. h7 Rd8 82. Kf7 Rh8 83. Kg7 Rc8 84. Re7 Kf5 85. h8=Q
Rxh8 86. Kxh8 Kf6 87. Re4 Kf5 88. Re1 Kf6 89. Kg8 Kf5 90. Kf7 Kf4 91. Kg6 Kg3
92. Kf5 Kf2 93. Re5 Kg3 94. Re3+ Kg2 95. Kg4 Kf2 96. Re4 Kg2 97. Rf4 Kh2 98.
Kf3 Kg1 99. Kg3 Kh1 100. Rf1# {PostModernist checkmated} 1-0

[Event "ICS rated bullet match"]
[Site "204.178.125.65"]
[Date "1999.12.03"]
[Round "?"]
[White "Hossa"]
[Black "WhiteHorse"]
[Result "1-0"]
[WhiteElo "2618"]
[BlackElo "2338"]
[PlyCount "97"]
[EventDate "1999.??.??"]

1. d4 h6 2. e4 g6 3. Nf3 Bg7 4. Bc4 e6 5. O-O c6 6. Re1 d5 7. exd5 cxd5 8. Bb5+
Bd7 9. Bxd7+ Nxd7 10. Be3 Ne7 11. Qd2 Nf5 12. Qb4 b6 13. Nbd2 Bf8 14. Qb5 a6
15. Qc6 Rc8 16. Qa4 Ra8 17. c4 dxc4 18. Qxc4 Bg7 19. Ne4 O-O 20. Rac1 Nf6 21.
Nxf6+ Qxf6 22. Qb4 Rab8 23. Rc7 Rfd8 24. Ne5 Ne7 25. Qxe7 Qxe7 26. Rxe7 Bxe5
27. dxe5 Kf8 28. Ra7 Kg8 29. Rxa6 Rd5 30. Rxb6 Rxb6 31. Bxb6 Rb5 32. Bd4 g5 33.
Rc1 Kg7 34. Rc5 Rb4 35. Bc3 Rb7 36. Rc8 Kg6 37. a4 Kf5 38. b4 Ra7 39. a5 Ke4
40. b5 Kd3 41. a6 Rd7 42. Kf1 Kc2 43. Bd4+ Kd3 44. a7 Ke4 45. a8=Q+ Kf5 46.
Qf3+ Kg6 47. b6 Rd5 48. Rg8+ Kh7 49. Qxf7# {WhiteHorse checkmated} 1-0

[Event "ICS rated bullet match"]
[Site "204.178.125.65"]
[Date "1999.12.03"]
[Round "?"]
[White "WhiteHorse"]
[Black "Hossa"]
[Result "0-1"]
[WhiteElo "2333"]
[BlackElo "2623"]
[PlyCount "110"]
[EventDate "1999.??.??"]

1. d4 Nf6 2. c3 g6 3. e3 Bg7 4. Be2 O-O 5. Bd3 d5 6. Nd2 e5 7. f4 exd4 8. cxd4
Re8 9. Nb3 Ng4 10. Qf3 Qe7 11. Ke2 Nxe3 12. Bxe3 Bg4 13. Qxg4 Qxe3+ 14. Kd1
Qxd3+ 15. Nd2 Qxd4 16. Rb1 Qa4+ 17. b3 Qxa2 18. Ngf3 Bc3 19. Rc1 Qb2 20. Rc2 f5
21. Qg3 Qa1+ 22. Rc1 Qa5 23. Qf2 Bb4 24. Re1 Nc6 25. Ne5 Ne7 26. Rc2 c6 27. Re2
Rad8 28. Ndf3 Qa1+ 29. Rc1 Qa3 30. Rec2 Qxb3 31. Qe2 Ba3 32. Qd3 Qxd3+ 33. Nxd3
Bxc1 34. Nxc1 b6 35. Nd3 a5 36. Nde5 c5 37. Ke2 Kg7 38. Kf2 d4 39. Ng5 Rc8 40.
Rd2 Nd5 41. Ngf3 Nxf4 42. g3 Nd5 43. Nc4 Rc6 44. Nd6 Rxd6 45. Ng5 Nc3 46. Nf3
Ne4+ 47. Ke2 Nxd2+ 48. Kxd2 Rde6 49. Ne1 Rxe1 50. Kd3 Kf6 51. Kc4 Ke5 52. Kb5
Kd5 53. Ka6 Kc6 54. Ka7 R1e7+ 55. Ka6 55... Ra8# {WhiteHorse checkmated} 0-1

[Event "ICS rated bullet match"]
[Site "204.178.125.65"]
[Date "1999.12.03"]
[Round "?"]
[White "Hossa"]
[Black "WhiteHorse"]
[Result "1-0"]
[WhiteElo "2628"]
[BlackElo "2328"]
[PlyCount "97"]
[EventDate "1999.??.??"]

1. d4 h6 2. e4 e6 3. Bb5 g6 4. Nf3 Bg7 5. O-O Ne7 6. c4 O-O 7. Nc3 Kh7 8. Be3
d6 9. Qe2 f5 10. e5 d5 11. cxd5 exd5 12. Qd2 c6 13. Bd3 Be6 14. Rfe1 g5 15.
Bxg5 Qd7 16. Be3 Ng6 17. Rac1 Kh8 18. Bxh6 Qf7 19. Ng5 Qe7 20. Nxe6 Qxe6 21.
Qg5 Rf7 22. Qd8+ Rf8 23. Bxg7+ Kxg7 24. Qg5 Nd7 25. Ne2 Rf7 26. Nf4 Ndf8 27.
Nxe6+ Nxe6 28. Qe3 Rh8 29. Rcd1 Rh4 30. Bc2 Rg4 31. h3 Rh4 32. Kh2 Rh6 33. Qa3
b6 34. Qc3 Nef4 35. e6 Re7 36. Bxf5 Nh5 37. Qxc6 Nf6 38. Bxg6 Rxg6 39. f3 Ng8
40. Qxd5 Kf8 41. f4 Kg7 42. f5 Rf6 43. Qe5 Nh6 44. g4 Re8 45. g5 Nf7 46. Qxf6+
Kh7 47. g6+ Kh6 48. gxf7+ Kh5 49. fxe8=Q# {WhiteHorse checkmated} 1-0

[Event "ICS rated bullet match"]
[Site "204.178.125.65"]
[Date "1999.12.03"]
[Round "?"]
[White "WhiteHorse"]
[Black "Hossa"]
[Result "0-1"]
[WhiteElo "2323"]
[BlackElo "2633"]
[PlyCount "76"]
[EventDate "1999.??.??"]

1. f4 d5 2. Nf3 g6 3. d4 Nf6 4. e3 Bg7 5. Bd3 Bf5 6. Nbd2 e6 7. Qe2 Nc6 8. O-O
O-O 9. c3 Bxd3 10. Qxd3 Qd6 11. a3 Ne7 12. Ne5 c5 13. Rf3 Rac8 14. Rh3 cxd4 15.
exd4 Nh5 16. Ndf3 f6 17. Ng4 Nxf4 18. Bxf4 Qxf4 19. Nf2 e5 20. dxe5 fxe5 21.
Rh4 Qf6 22. Ng4 Qb6+ 23. Kh1 e4 24. Qd4 Bxd4 25. Nxd4 Qxb2 26. Rg1 Rxc3 27. Ne6
h5 28. Nxf8 Kxf8 29. Ne5 Rxa3 30. Nd7+ Ke8 31. Nc5 Qf2 32. Ne6 Qxh4 33. Ng7+
Kf7 34. Ne6 Kxe6 35. Rf1 e3 36. Rg1 e2 37. h3 Rxh3+ 38. gxh3 38... Qxh3# {
WhiteHorse checkmated} 0-1

[Event "ICS rated bullet match"]
[Site "204.178.125.65"]
[Date "1999.12.03"]
[Round "?"]
[White "Hossa"]
[Black "WhiteHorse"]
[Result "1-0"]
[WhiteElo "2638"]
[BlackElo "2318"]
[PlyCount "41"]
[EventDate "1999.??.??"]

1. d4 h6 2. e4 e6 3. Bb5 g6 4. Nf3 Bg7 5. O-O Ne7 6. c4 a6 7. Ba4 O-O 8. Nc3
Kh7 9. Bf4 f5 10. e5 b6 11. Qd2 Bb7 12. Qe3 c6 13. Bc2 g5 14. Nxg5+ hxg5 15.
Bxg5 Qe8 16. Na4 Ng6 17. Nxb6 Ra7 18. d5 f4 19. Qh3+ Kg8 20. Qh5 Nh8 21. Bh7# {
WhiteHorse checkmated} 1-0

[Event "ICS rated bullet match"]
[Site "204.178.125.65"]
[Date "1999.12.03"]
[Round "?"]
[White "Hossa"]
[Black "WhiteHorse"]
[Result "1-0"]
[WhiteElo "2646"]
[BlackElo "2310"]
[PlyCount "79"]
[EventDate "1999.??.??"]

1. d4 g6 2. c4 h6 3. e4 d6 4. Nf3 Bg7 5. Be2 b6 6. O-O Bb7 7. Nc3 e6 8. Be3 Ne7
9. Re1 Nd7 10. Bd3 Kf8 11. Bf4 Kg8 12. Qe2 Kh7 13. Rad1 Rg8 14. Nb5 a6 15. Nc3
Qf8 16. Bc2 Re8 17. Ba4 Rd8 18. b4 Nb8 19. b5 a5 20. Bc2 Nd7 21. Rd3 Re8 22.
Rd2 f5 23. e5 d5 24. Bb3 c6 25. bxc6 Bxc6 26. cxd5 Nxd5 27. Nxd5 exd5 28. Rc2
Nb8 29. e6 Qe7 30. Bxb8 Bb7 31. Rc7 Qxc7 32. Bxc7 Bc6 33. Rc1 a4 34. Rxc6 axb3
35. axb3 g5 36. Nxg5+ hxg5 37. Qh5+ Bh6 38. e7 Rg6 39. Rxg6 Rxe7 40. Qxh6# {
WhiteHorse checkmated} 1-0